Karl Popper, Science and Enightenment (Record no. 48936)

MARC details
000 -LEADER
fixed length control field 02061nam a2200253Ia 4500
000 - LEADER
fixed length control field 03146naaa 00517uu
001 - CONTROL NUMBER
control field https://directory.doabooks.org/handle/20.500.12854/26539
008 - FIXED-LENGTH DATA ELEMENTS--GENERAL INFORMATION
fixed length control field 211013s9999 xx 000 0 und d
024 ## - OTHER STANDARD IDENTIFIER
Standard number or code 10.2307/j.ctt1vxm8p6
042 ## - AUTHENTICATION CODE
Authentication code dc
100 1# - MAIN ENTRY--PERSONAL NAME
Personal name Maxwell, Nicholas
245 #0 - TITLE STATEMENT
Title Karl Popper, Science and Enightenment
260 ## - PUBLICATION, DISTRIBUTION, ETC.
Name of publisher, distributor, etc. UCL Press
Date of publication, distribution, etc. 2017
300 ## - PHYSICAL DESCRIPTION
Extent 1 electronic resource (390 p.)
520 ## - SUMMARY, ETC.
Summary, etc. Here is an idea that just might save the world. It is that science, properly understood, provides us with the methodological key to the salvation of humanity. A version of this idea can be found in the works of Karl Popper. Famously, Popper argued that science cannot verify theories but can only refute them, and this is how science makes progress. Scientists are forced to think up something better, and it is this, according to Popper, that drives science forward. But Nicholas Maxwell finds a flaw in this line of argument. Physicists only ever accept theories that are unified - theories that depict the same laws applying to the range of phenomena to which the theory applies - even though many other empirically more successful disunified theories are always available. This means that science makes a questionable assumption about the universe, namely that all disunified theories are false. Without some such presupposition as this, the whole empirical method of science breaks down. By proposing a new conception of scientific methodology, which can be applied to all worthwhile human endeavours with problematic aims, Maxwell argues for a revolution in academic inquiry to help humanity make progress towards a better, more civilized and enlightened world.
540 ## - TERMS GOVERNING USE AND REPRODUCTION NOTE
Terms governing use and reproduction Creative Commons
653 ## - INDEX TERM--UNCONTROLLED
Uncontrolled term civilization
700 1# - ADDED ENTRY--PERSONAL NAME
Personal name Maxwell, Nicholas
856 ## - ELECTRONIC LOCATION AND ACCESS
Uniform Resource Identifier <a href="https://library.oapen.org/bitstream/20.500.12657/31176/1/636791.pdf">https://library.oapen.org/bitstream/20.500.12657/31176/1/636791.pdf</a>
856 ## - ELECTRONIC LOCATION AND ACCESS
Uniform Resource Identifier <a href="https://library.oapen.org/bitstream/20.500.12657/31176/1/636791.pdf">https://library.oapen.org/bitstream/20.500.12657/31176/1/636791.pdf</a>
856 ## - ELECTRONIC LOCATION AND ACCESS
Uniform Resource Identifier <a href="www.oapen.org">www.oapen.org</a>
942 ## - ADDED ENTRY ELEMENTS (KOHA)
Koha item type E-Book
Holdings
Withdrawn status Source of classification or shelving scheme Damaged status Not for loan Home library Current library Date acquired Total Checkouts Date last seen Price effective from Koha item type
  Library of Congress Classification   Not For Loan Directory of Open Access Books Directory of Open Access Books 12/22/2021   12/22/2021 12/22/2021 E-Book

University of Rizal System
Email us at univlibservices@urs.edu.ph

Visit our Website www.urs.edu.ph/library